United Nations A Journey from Hope to Despair: (Record no. 203995)

MARC details
000 -LEADER
fixed length control field 00620nam a22001817a 4500
005 - DATE AND TIME OF LATEST TRANSACTION
control field 20240708124404.0
010 ## - LCCN (DPL NO)
LC control number ENG-140800
020 ## - INTERNATIONAL STANDARD BOOK NUMBER
International Standard Book Number 9789394915459
Terms of availability 980.00
035 ## - SYSTEM CONTROL NUMBER
System control number EN-124332
037 ## - SOURCE OF ACQUISITION
Source of stock number/acquisition DBAD
082 ## - DEWEY DECIMAL CLASSIFICATION NUMBER
Classification number 341.23
100 ## - MAIN ENTRY--PERSONAL NAME
Personal name Sharma, Sitaram
245 ## - TITLE STATEMENT
Title United Nations A Journey from Hope to Despair:
Remainder of title An Anthology of Speeches And Articles/
Statement of responsibility, etc by Sitaram Sharma
260 ## - PUBLICATION, DISTRIBUTION, ETC. (IMPRINT)
Place of publication, distribution, etc New Delhi
Name of publisher, distributor, etc KW Publishers
Date of publication, distribution, etc 2024
270 ## - ADDRESS
Address 4676/21, First Floor, Ansari Road, Daryaganj
City New Delhi
Postal code 110002
Telephone number 01143528107
300 ## - PHYSICAL DESCRIPTION
Extent xii, 167p.
Dimensions 23cm(hb)
942 ## - ADDED ENTRY ELEMENTS (KOHA)
Source of classification or shelving scheme Dewey Decimal Classification
Item type English Books
Classification part 341.23
Call number suffix SHA
Holdings
Withdrawn status Lost status Not for loan Collection code Home library Current library Date acquired Source of acquisition Cost, normal purchase price Full call number Barcode Copy number Cost, replacement price Koha item type
      Non-fiction Patel Nagar Patel Nagar 08/07/2024 DBAD 980.00 341.23 SHA EN-124332 1 980.00 English Books

© Delhi Public Library
Hit Counter
free hit counter